Random words that start with Y - Statistics

General Stats
  • This quiz has been taken 56 times
    40 since last reset
  • The average score is 8 of 12
Answer Stats
Picture Answer % Correct
yawn
94%
yell
94%
yellow
91%
yak
79%
yin
73%
yarn
70%
yams
55%
yard
55%
yeast
52%
yield
48%
young
42%
yearbook
6%
No matching quizzes found
Score Distribution
Percent of People with Each Score
Percentile by Number Answered
Your Score History
You have not taken this quiz since the last reset